Đáp án 12 bộ đề thi A
Spremljeno u:
| Format: | Knjiga |
|---|---|
| Jezik: | Vietnamese |
| Izdano: |
[Tp. Hồ Chí Minh]
[Đại học sư phạm Tp. Hồ Chí Minh]
2006
|
| Teme: | |
| Oznake: |
Dodaj oznaku
Bez oznaka, Budi prvi tko označuje ovaj zapis!
|
| Thư viện lưu trữ: | Trung tâm Học liệu Lê Vũ Hùng, Trường Đại học Đồng Tháp |
|---|
| LEADER | 00621pam a22001938a 4500 | ||
|---|---|---|---|
| 001 | 00024481 | ||
| 005 | 20171026081022.0 | ||
| 008 | 110720s2006 ||||||viesd | ||
| 041 | 0 | # | |a vie |
| 082 | 1 | 4 | |a 420.76 |b Đ109A |
| 245 | 0 | 0 | |a Đáp án 12 bộ đề thi A |
| 260 | # | # | |a [Tp. Hồ Chí Minh] |b [Đại học sư phạm Tp. Hồ Chí Minh] |c 2006 |
| 300 | # | # | |a 36 p. |c 28 cm. |
| 650 | # | 4 | |a Đáp án |
| 650 | # | 4 | |a Đề thi A |
| 852 | # | # | |b Kho đọc |j KD.0008783 |
| 852 | # | # | |j KD.0008783 |
| 910 | 0 | # | |a Ntuyet |d 20/07/2011 |
| 980 | # | # | |a Trung tâm Học liệu Lê Vũ Hùng, Trường Đại học Đồng Tháp |